Normal view MARC view

Entry Personal Name

Number of records used in: 2

001 - CONTROL NUMBER

  • control field: 8185

003 - CONTROL NUMBER IDENTIFIER

  • control field: DLC

005 - DATE AND TIME OF LATEST TRANSACTION

  • control field: 20260305115232.0

008 - FIXED-LENGTH DATA ELEMENTS

  • fixed length control field: 240513n| azannaabn |a aaa

010 ## - LIBRARY OF CONGRESS CONTROL NUMBER

  • LC control number: n 2024241742

040 ## - CATALOGING SOURCE

  • Original cataloging agency: DLC
  • Language of cataloging: eng
  • Description conventions: rda
  • Transcribing agency: DLC

046 ## - SPECIAL CODED DATES

  • Birth date: 1971
  • Source of date scheme: edtf

100 1# - HEADING--PERSONAL NAME

  • Personal name: Śr̲īvatsan, Ṭi.,
  • Dates associated with a name: 1971-

370 ## - ASSOCIATED PLACE

  • Place of birth: Palghat (India)
  • Source of term: naf

372 ## - FIELD OF ACTIVITY

  • Field of activity: Literature
  • Source of term: lcsh

374 ## - OCCUPATION

  • Occupation: Writers
  • Source of term: lcdgt

377 ## - ASSOCIATED LANGUAGE

  • Language code: mal

400 1# - SEE FROM TRACING--PERSONAL NAME

  • Personal name: Sreevalsan, T.,
  • Dates associated with a name: 1971-

670 ## - SOURCE DATA FOUND

  • Source citation: Muppatu kathakaḷ, November 2022:
  • Information found: title page (Ṭi. Śr̲īvatsan) t.p. verso (T. Sreevalsan) p. facing t.p. (born 1971 at Palakkad, Kerala, India; Malayalam writer)

Powered by Koha